| 000 | 00348pab a2200133 454500 | ||
|---|---|---|---|
| 008 | 180718b1997 xxu||||| |||| 00| 0 eng d | ||
| 245 | _aSYMPOSIUM on current issue in long term care | ||
| 260 | _c1997 | ||
| 300 | _ap.249-396 | ||
| 362 | _aFeb | ||
| 650 | _aHandicapped | ||
| 773 | _aInternational Journal of Public Administration | ||
| 909 | _a33542 | ||
| 999 |
_c33542 _d33542 |
||